Cutting edge; Advance; Teacher's Resource Book

保存先:
書誌詳細
第一著者: Jane Comyns
フォーマット: 図書
言語:Undetermined
出版事項: England Longman 2003
主題:
タグ: タグ追加
タグなし, このレコードへの初めてのタグを付けませんか!
Thư viện lưu trữ: Trung tâm Học liệu Trường Đại học Cần Thơ
LEADER 00577nam a2200205Ia 4500
001 CTU_65355
008 210402s9999 xx 000 0 und d
020 |b 457000 
082 |a 428.34 
082 |b M819ta 
100 |a Jane Comyns 
245 0 |a Cutting edge; Advance; Teacher's Resource Book 
245 0 |c Jane Comyns Carr, David Albery, Cindy Cheetham 
260 |a England 
260 |b Longman 
260 |c 2003 
650 |a english language 
650 |x texbooks for foreign speakers 
904 |i Năm 
980 |a Trung tâm Học liệu Trường Đại học Cần Thơ